| 000 | 00476nam a2200169 a 4500 | ||
|---|---|---|---|
| 020 | _a9780195127188 | ||
| 082 | 0 | 0 |
_a954.0256 _bTHA |
| 100 | _aThackston, Wheeler M | ||
| 245 | _aJahangirnama: Memoirs of Jahangir, Emperor of India | ||
| 260 |
_aLondan _bOxford University Press _c1999 |
||
| 300 | _a502p | ||
| 500 | _aincludes index and biblioraphy | ||
| 505 | 2 | _aNotes, Glossary | |
| 650 | _aMughal India-Jahangir | ||
| 700 | 1 | _aThackston, Wheeler M | |
| 942 | _cBK | ||
| 999 |
_c12399 _d12399 |
||